| Registos Bibliográficos associados ao registo de autoridade |
|
Etiqueta de registo: 00590ckm 2200193 450 001 471778 003 http://id.bnportugal.gov.pt/bib/catbnp/471778 005 19990101000000.0 095 ## $aPTBN00674352 100 ## $a19950915f19301940am a0pory0103 ba 101 0# $apor 102 ## $aPT 200 1# $a "O desterrado"$bVisual gráfico]$fSoares dos Reis 210 #9 $a[Porto]$cMuseu Nac. Soares dos Reis,$d[ca 1940?] 215 ## $a1 postal$cp&b$d15x11 cm 306 ## $aData provável baseada em características formais 675 ## $a730(=1.469)"18"(084.0)$vBN$zpor$3562676 700 #1 $aReis,$bSoares dos,$f1847-1889$3146779 712 01 $aPortugal.$bMuseu Nacional de Soares dos Reis$4650$3142147 801 #0 $aPT$bBN$gRPC 966 ## $lBN$mICONOG$sP.I. 27016 P.$x3 997 ## $aBIBEOD
Etiqueta de registo: 00701cam 022002171 04500 001 735297 003 http://id.bnportugal.gov.pt/bib/catbnp/735297 005 19991123124800.0 095 ## $aPTBN00522536 100 ## $a19931213d1943 km y0pory0103 ba 101 0# $apor 102 ## $aPT 200 1# $aCorrespondência inédita$fAntónio Soares dos Reis$gcolig. José de Figueiredo$ganot. Vasco Valente 210 #9 $aPorto$cCírculo Dr. José de Figueiredo,$d1943 215 ## $a53, [2] p.$cil., 1 est.$d26 cm 305 ## $aSep. Rev. Museu, v. 1 700 #1 $aReis,$bSoares dos,$f1847-1889$3146779 702 #1 $aValente,$bVasco,$f1883-1950$4212$385393 702 #1 $92$aFigueiredo,$bJosé de,$f1872-1937$4220$338010 801 #0 $aPT$bBN$gRPC 966 ## $lBN$mFGMON$sB.A. 9584 V. 997 ## $aBIBEOD 998 ## $aCR632-413
Etiqueta de registo: 00707cam 02200217 04500 001 385304 003 http://id.bnportugal.gov.pt/bib/catbnp/385304 005 19981230000000.0 095 ## $aPTBN00412074 100 ## $a19901103d1942 m y0pory0103 ba 101 0# $apor 102 ## $aPT 200 1# $aCorrespondência inédita$fAntónio Soares dos Reis$gcoligida por José de Figueiredo$ganotada por Vasco Valente 210 #9 $aPorto$cCírculo Dr. José de Figueiredo,$d1942 215 ## $a52, [2] p.$d25 cm 305 ## $aSep. Rev. Museu, 1, 1942 700 #1 $aReis,$bSoares dos,$f1847-1889$3146779 702 #1 $92$aFigueiredo,$bJosé de,$f1872-1937$4220$338010 702 #1 $aValente,$bVasco,$f1883-1950$4212$385393 801 #0 $aPT$bBN$gRPC 966 ## $lBN$mFGMON$sB.A. 9584 V. 997 ## $aBIBEOD 998 ## $aCI330-169
Etiqueta de registo: 01692cam 02200373 04500 001 381496 003 http://id.bnportugal.gov.pt/bib/catbnp/381496 005 20011203184800.0 095 ## $aPTBN00407641 100 ## $a19921229d1878 k y0pory0103 ba 101 0# $apor$afre 102 ## $aPT 105 ## $aa z 000yy 106 ## $ar 200 1# $a Os Lusíadas$epoema épico em dez cantos...$fversão francesa por Fernando de Azevedo$gprólogo por M. Pinheiro Chagas$gdesenhos de Soares dos Reis$ggravuras de J. Pedroso$gdirecção de Duarte Joaquim dos Santos, Aristides Abranches 210 #9 $aLisboa$cImprensa Nacional,$d1878 215 ## $aXXXVIII, 337 p.$cil.$d33 cm 316 ## $aEx. incompl. com falta das p. 201-224 e as est. dos Cantos 7º e 9º, sem capa$5PTBN: CAM. 142 A. 675 ## $a821.134.3-13"15"$vBN$zpor$3558269 700 #1 $aCamões,$bLuís de,$f1524-1580$310642 702 #1 $aSilva,$bFernando de Azevedo e,$f1845-1924$4730$3134064 702 #1 $aChagas,$bPinheiro,$f1842-1895$4080$344711 702 #1 $aReis,$bSoares dos,$f1847-1889$4440$3146779 702 #1 $aAbranches,$bAristides,$f1832-1892$4300$3592 702 #1 $aSantos,$bDuarte Joaquim dos,$f?-1855$4300$3194361 702 #1 $aPedroso,$bJoão,$f1823-1890$4360$363260 801 #0 $aPT$bBN$gRPC 856 40 $uhttps://purl.pt/37776 856 41 $uhttps://purl.pt/37776/service/media/cover/low 856 49 $uhttps://purl.pt/37776/service/media/pdf$qapplication/pdf 958 ## $aBND$bLivre$cDigitalizado$d1$ehttps://purl.pt/37776/service/media/cover/max 966 ## $lBN$mRESIMP$sCAM. 34 A. 966 ## $lBN$mRESIMP$sCAM. 110 A. 966 ## $lBN$mRESIMP$nEx. incompl. com falta das p. 201-224 e as est. dos Cantos 7Á e 9Á, sem capa$sCAM. 142 A.
Etiqueta de registo: 00254nkm 2200109 450 001 1904152 003 http://id.bnportugal.gov.pt/bib/catbnp/1904152 100 ## $a20150624f19451955am a0pory01030103ba 101 0# $apor 102 ## $aPT 200 1# $aFlor agreste$bVisual gráfico]$fSoares dos Reis 210 #9 $a[Porto]$cMuseu Nacional de Soares dos Reis,$d[ca 1950?] 215 ## $a1 postal$cp&b$d15x10,5 cm 306 ## $aData provável, atribuída em conformidade com as caraterísticas formais do documento 324 ## $aReprodução de escultura 330 ## $aBusto com o retrato de uma rapariga de cabelos curtos, cabeça ligeiramente inclinada,
rosto de feições delicadas com o olhar dirigido à sua direita, nariz fino e boca pequena.
Corpete e blusa em desalinho, aberta no peito. O busto, de contorno inferior arredondado
e costas escavadas, assenta num pequeno soco de secção quadrada na frente suportado
por peanha circular 675 ## $a730(=1:469)"18"(084.0)$vBN$zpor$31438980 700 #1 $aReis,$bSoares dos,$f1847-1889$3146779 801 #0 $aPT$bBN$gRPC 966 ## $lBN$mICONOG$sP.I. 6769 P.$x6 997 ## $aBIBEOD
Etiqueta de registo: 00254nam 2200025 450 001 2194290 003 http://id.bnportugal.gov.pt/bib/catbnp/2194290 010 ## $a978-972-36-2050-4 021 ## $aPT$b527572/24 100 ## $a20241030d2024 m y0pory01030103ba 101 0# $apor 102 ## $aPT 105 ## $aa z 000yy 106 ## $ar 200 1# $aSoares dos Reis$ecaderno de viagens$fPaula Santos Triães, Bernardo Pinto de Almeida$gfot. Rui Pinheiro 205 ## $a1ª ed 210 #9 $aPorto$cAfrontamento,$d2024 215 ## $a2 v.$cil.$d15 cm 225 2# $aAlbuns$v223 675 ## $a73Reis, Soares dos(042)$vBN$zpor$31934678 675 ## $a741.04(=1:469)"18"(042)$vBN$zpor$31934715 675 ## $a929Reis, Soares dos$vBN$zpor$3402590 700 #1 $aTriães,$bPaula Santos $31933896 701 #1 $aAlmeida,$bBernardo Pinto de $4070$31933897 702 #1 $95$aPinheiro,$bRui$4600$31149624 702 #1 $aReis,$bSoares dos,$f1847-1889$4100$3146779 801 #0 $aPT$bBN$gRPC 856 41 $uhttp://rnod.bnportugal.gov.pt/ImagesBN/winlibimg.aspx?skey=&doc=2194290&img=200616&save=true 900 ## $aBIBNAC$d20241120 966 ## $b001$d[1º v.]$lBN$mFGMON$sB.A. 12343 P.$x1 966 ## $b001$d[1º v.]$lBN$mFGMON$sB.A. 12343 P.-D$x1 966 ## $b001$d[2º v.]$lBN$mFGMON$sB.A. 12344 P.$x1 966 ## $b001$d[2º v.]$lBN$mFGMON$sB.A. 12344 P.-D$x1 971 ## $cjbeatriz$d20241030 972 ## $e0$z0$d20241120$viquintas 973 ## $ctrodrigues$d20241106
Etiqueta de registo: 00254nkm 001 1934504 003 http://id.bnportugal.gov.pt/bib/catbnp/1934504 100 ## $a20160621f19021904am y0pory01030103ba 101 0# $apor$afre 102 ## $aPT 200 1# $a O Desterrado por Soares dos Reis$bVisual gráfico]$d L' exilé par Soares dos Reis$zfre 210 #9 $a[Lisboa$cPaulo Emilio Guedes,$dca 1903] 215 ## $a1 postal$cp&b$d9x14 cm 225 2# $aBellas artes [ Paulo Guedes & Saraiva]$v1 225 2# $aPortugal [ Paulo Guedes & Saraiva]$v400 306 ## $aIdentificação do editor a partir de monograma 306 ## $aDatação em conformidade com as referências externas 316 ## $aPostal não circulado 321 1# $aCatalogo dos bilhetes postaes illustrados de Paulo Guedes & Saraiva. Lisboa: Pap.
e Typ. de Paulo Guedes & Saraiva, 1905 321 1# $aVicente de Sousa - Portugal no 1.º quartel do séc. XX documentado pelo bilhete postal
ilustrado. Bragança: CM, 1985, p. 34 510 1# $a L' exilé par Soares dos Reis$zfre 675 ## $a730(=1:469)"18"(084.0)$vBN$zpor$31438980 702 #1 $aReis,$bSoares dos,$f1847-1889$3146779 702 #1 $aGuedes,$bPaulo Emílio,$f1886-1947$4650$31327239 966 ## $lBN$mICONOG$sP.I. 13266 P.$x6 997 ## $aBIBEOD
Etiqueta de registo: 00254nkm 2200109 001 1934506 003 http://id.bnportugal.gov.pt/bib/catbnp/1934506 100 ## $a20160621f19041906am y0pory01030103ba 101 0# $apor 102 ## $aPT 200 1# $aS. Joaquim de Soares dos Reis$bVisual gráfico] 210 #9 $aLisboa$b(Aurea, 80)$cPap. e Typ. de Paulo Guedes & Saraiva,$d[ca 1905] 215 ## $a1 postal$cp&b$d14x9 cm 225 2# $aBellas artes [ Paulo Guedes & Saraiva]$v5 225 2# $a [ Portugal Paulo Guedes & Saraiva]$v884 306 ## $aDatação em conformidade com as referências externas 316 ## $aPostal não circulado 321 1# $aCatalogo dos bilhetes postaes illustrados de Paulo Guedes & Saraiva. Lisboa: Pap.
e Typ. de Paulo Guedes & Saraiva, 1905 321 1# $aVicente de Sousa - Portugal no 1.º quartel do séc. XX documentado pelo bilhete postal
ilustrado. Bragança: CM, 1985, p. 34 532 12 $aSão Joaquim de Soares dos Reis 675 ## $a730(=1:469)"18"(084.0)$vBN$zpor$31438980 700 #1 $aReis,$bSoares dos,$f1847-1889$3146779 702 #1 $aGuedes,$bPaulo Emílio,$f1886-1947$4650$31327239 801 #0 $aPT$bBN$gRPC 966 ## $lBN$mICONOG$sP.I. 30429 P.$x6 997 ## $aBIBEOD
Etiqueta de registo: 00254nkm 2200109 001 1934507 003 http://id.bnportugal.gov.pt/bib/catbnp/1934507 100 ## $a20160621f19041906am y0pory01030103ba 101 0# $apor 102 ## $aPT 200 1# $aS. José de Soares dos Reis$bVisual gráfico] 210 #9 $aLisboa$b(Aurea, 80)$cPap. e Typ. de Paulo Guedes & Saraiva,$d[ca 1905] 215 ## $a1 postal$cp&b$d14x9 cm 225 2# $aBellas artes [ Paulo Guedes & Saraiva]$v4 225 2# $a [ Portugal Paulo Guedes & Saraiva]$v873 306 ## $aDatação em conformidade com as referências externas 316 ## $aPostal não circulado 321 1# $aCatalogo dos bilhetes postaes illustrados de Paulo Guedes & Saraiva. Lisboa: Pap.
e Typ. de Paulo Guedes & Saraiva, 1905 321 1# $aVicente de Sousa - Portugal no 1.º quartel do séc. XX documentado pelo bilhete postal
ilustrado. Bragança: CM, 1985, p. 34 532 12 $aS. José de Soares dos Reis 675 ## $a730(=1:469)"18"(084.0)$vBN$zpor$31438980 700 #1 $aReis,$bSoares dos,$f1847-1889$3146779 702 #1 $aGuedes,$bPaulo Emílio,$f1886-1947$4650$31327239 801 #0 $aPT$bBN$gRPC 966 ## $lBN$mICONOG$sP.I. 30427 P.$x6 997 ## $aBIBEOD
Etiqueta de registo: 00254nkm 2200109 450 001 2288111 003 http://id.bnportugal.gov.pt/bib/catbnp/2288111 100 ## $a20260617f19021907am y0pory01030103ba 101 0# $apor 102 ## $aPT 200 1# $aBellas artes$bVisual gráfico] 210 #9 $aLisboa$b(Aurea, 80)$cPap. e Typ. de Paulo Guedes & Saraiva,$d[entre 1902 e 1907] 215 ## $a15 postais$cp&b$d9x14 cm ou 14x9 cm 225 2# $aBellas artes [ Paulo Guedes & Saraiva]$v1-10$v16$v31$v42$v45 225 2# $a [ Portugal Paulo Guedes & Saraiva]$v400$v476$v873-878$v1248$v1263$v1376$v1382$v1414 306 ## $aDatação em conformidade com as referências externas 316 ## $aPostais não circulados 321 1# $aCatalogo dos bilhetes postaes illustrados de Paulo Guedes & Saraiva. Lisboa: Pap.
e Typ. de Paulo Guedes & Saraiva, 1905 321 1# $aVicente de Sousa - Portugal no 1.º quartel do séc. XX documentado pelo bilhete postal
ilustrado. Bragança: CM, 1985, p. 34 327 1# $a1: "O Desterrado por Soares dos Reis" (P.I. 5549 P.) Uma pitada"Festa da S.ª da Rocha
em Carnaxide por Francisco Antonio do Valle" (P.I. 5558 P.) A avó$a2: "Garoto de jornaes, por Costa Motta" (P.I. 5554 P.)$a3: "Lagoa de Setil por Thomaz de Mello Junior, 1904" (P.I. 5557 P.)$a4: "S. José de Soares dos Reis" (P.I. 5550 P.)$a5: "S. Joaquim de Soares dos Reis" (P.I. 5551 P.)$a6: "Noute de Verão por Domingos Costa, 1900" (P.I. 5553 P.)$a7: Toillete de Juno por Domingos Costa (P.I. 5552 P.)$a8: "Festa da S.ª da Rocha em Carnaxide por Francisco Antonio do Valle" (P.I. 5558
P.) $a9: "Uma pitada por David de Mello Junior, 1901" (P.I. 5556 P.)$a10: "Na missa de Notre Dame por David de Mello Junior" (P.I. 5555 P.)$a16: "Costa da Caparica, por A. Roque Gameiro" (P.I. 12886 P.)$a31: "David por Thomaz da Costa" (P.I. 5403 P.)$a36: Reprodução de pintura "por Julio Teixeira Bastos" (P.I. 15537 P.)$a42: "A Avó por D. Julia Ferreira Pinto" (P.I. 16281 P.)$a45: "Castanheiros velhos (Valles), por Julio Teixeira Bastos" (P.I. 12887 P.) 675 ## $a730(=1:469)"18"(084.0)$vBN$zpor$31438980 675 ## $a75(=1:469)"19"(084.0)$vBN$zpor$3299952 675 ## $a39(=1:469)(084.0)$vBN$zpor$31574865 675 ## $a730(=1:469)"18"(084.0)$vBN$zpor$31438980 675 ## $a75(=1:469)"189/190"(084.0)$vBN$zpor$31649737 675 ## $a394.5/6(469.411)"190"(084.0)$vBN$zpor$31649443 675 ## $a75Bastos, Júlio Teixeira(084.0)$vBN$zpor$31949785 675 ## $a75(=1:469)"19"(084.0)$vBN$zpor$3299952 675 ## $a75Gameiro, Alfredo Roque(084.0)$vBN$zpor$31949798 675 ## $a75.047(=1:469)"19"(084.0)$vBN$zpor$31949782 702 #1 $aMelo Júnior,$bDavid de,$ffl. ca 1900$4100$31650165 702 #1 $aPinto,$bJulia Ferreira$4100$31920747 702 #1 $aReis,$bSoares dos,$f1847-1889$4100$3146779 702 #1 $aCosta,$bDomingos,$f1867-1954$4100$31649731 702 #1 $aCosta,$bThomaz,$f1861-?$4100$31723315 702 #1 $aMota,$bCosta,$f1862-1930$4100$310917 702 #1 $aMelo Júnior,$bTomás de$4100$31650151 702 #1 $aBastos,$bJúlio Teixeira,$f1860–1919$4100$31949775 702 #1 $aReis,$bSoares dos,$f1847-1889$4100$3146779 702 #1 $aVale,$bFrancisco António do,$ffl. ca 1900$4100$31649469 702 #1 $aGameiro,$bAlfredo Roque,$f1864-1935$4100$329769 702 #1 $aGuedes,$bPaulo Emílio,$f1886-1947$4650$31327239 801 #0 $aPT$bBN$gRPC 966 ## $lBN$mICONOG$sP.I. 5403 P.$x2 966 ## $lBN$mICONOG$sP.I. 5549 P. 966 ## $lBN$mICONOG$sP.I. 5550 P. 966 ## $lBN$mICONOG$sP.I. 5551 P. 966 ## $lBN$mICONOG$sP.I. 5552 P. 966 ## $lBN$mICONOG$sP.I. 5553 P. 966 ## $lBN$mICONOG$sP.I. 5554 P. 966 ## $lBN$mICONOG$sP.I. 5555 P. 966 ## $lBN$mICONOG$sP.I. 5556 P. 966 ## $lBN$mICONOG$sP.I. 5557 P. 966 ## $lBN$mICONOG$sP.I. 5558 P. 966 ## $lBN$mICONOG$sP.I. 12886 P.$x2 966 ## $lBN$mICONOG$sP.I. 12887 P.$x2 966 ## $lBN$mICONOG$sP.I. 13266 P: 966 ## $lBN$mICONOG$sP.I. 15537 P.$x2 966 ## $lBN$mICONOG$sP.I. 16281 P.$x2 966 ## $lBN$mICONOG$sP.I. 30433 P.
|
|
|